00953 a2200181 450000500170000008200130001710000220003024500410005225000130009326000510010630000520015794200130020999900130022295201340023595201340036995201340050395201340063720250311172107.0 a330 SAM aSAMUELSON, P . A. aEconomics: an Introductory Analysis a7th Ed. aNew York,bMcGraw Hill Book Company,c1967. axxi, 821p.: ill.; graph, table,bindex,c23cm. 2ddccBKS c418d418 r2025-03-11 17:23:08l0o330 SAMp0000001676v60000.00w2025-03-11yBKS102ddc407000aCBEMLbCBEMLcGENd2025-03-11g20000.00 r2025-03-11 17:23:08l0o330 SAMp0000001677v60000.00w2025-03-11yBKS102ddc407000aCBEMLbCBEMLcGENd2025-03-11g20000.00 r2025-03-11 17:23:08l0o330 SAMp0000001678v60000.00w2025-03-11yBKS102ddc407000aCBEMLbCBEMLcGENd2025-03-11g20000.00 r2025-03-11 17:23:08l0o330 SAMp0000001679v60000.00w2025-03-11yBKS102ddc407000aCBEMLbCBEMLcGENd2025-03-11g20000.00